000 00329nam a2200133Ia 4500
008 240624s9999 xx 000 0 und d
041 _aeng
082 _a828 BOR
100 _aBORDER ALLAN
245 _aCRICKET AS I SEE IT
260 _c2014
_aNew Delhi
_bAllen & Unwin
300 _axv, : 299 : p. : cm. ; 23
365 _cRS
_b30
999 _c26817
_d26817